| 000 | 02231nam a2200481 c 4500 | ||
|---|---|---|---|
| 003 | BLK | ||
| 005 | 20230627110147.0 | ||
| 008 | 180411b bul|||||r ||||||| ||bul|| | ||
| 010 | _aKNG00198728000 | ||
| 020 |
_a978-619-179-041-8 _bиздат.: Летера |
||
| 040 | _aBLK | ||
| 041 |
_aBUL _cBUL |
||
| 072 | 7 |
_2bullib _aН50 _xЕстествени науки. Математика и др. Н |
|
| 080 |
_aВирусология _b578 _x(44)(092)(0:82-9) _z578(44)(092)(0:82-9) |
||
| 080 |
_aИнфекциозни болести (Заразни и преносни заболявания). Вж и 614.4 _b616.9 _x(44)(092)(0:82-9) _z616.9(44)(092)(0:82-9) |
||
| 080 |
_aФренска литература _b821.133.1 _x-94 _z821.133.1-94 |
||
| 080 |
_aФренски вирусолог _b929 Шерман, Жан-Клод _x _z929 Шерман, Жан-Клод |
||
| 100 | 1 |
_aШерман, Жан-Клод _eпърви автор _9344922 |
|
| 700 | 1 |
_aГалзи, Оливие _eсъавт. _950765 |
|
| 700 |
_aТошева, Анета Илиева _9366009 |
||
| 139 |
_aШерман, Жан-Клод и др. _bШ 57 |
||
| 245 | 1 | 0 |
_aИстория, която всички трябва да знаят _cЖан-Клод Шерман; съавт. Оливие Галзи; прев. от фр. Анета Илиева Тошева. |
| 257 | _aFRA | ||
| 260 |
_аСофия _bЛетера _c2015 _fСофия : Digital Print Express |
||
| 300 |
_a176 с. _c22 см |
||
| 380 | _aX | ||
| 500 | _aОриг. загл. Tout le monde doit connaitre cette histoire / Jean-Claude Chermann et Olivier Galzi. | ||
| 600 | 1 | 4 |
_aШерман, Жан-Клод _9384739 |
| 650 | 4 |
_aШерман, Жан-Клод _9384739 |
|
| 650 | 4 |
_aВирусолози _9150765 |
|
| 650 | 4 |
_aУчени - биографии _9278259 |
|
| 651 | 4 |
_aФранция _9179722 |
|
| 653 | _aЖан-Клод Шерман | ||
| 653 | _aвирусология | ||
| 653 | _aучени | ||
| 659 | _aН | ||
| 852 | _aЦб 283798 | ||
| 856 | 4 |
_qpdf _u |
|
| 856 | 4 |
_qpdf _u |
|
| 942 |
_cKNG _n0 _01 |
||
| 944 |
_aCR _c22.12.2016 _lф / _kВиолета_Тройчева |
||
| 944 |
_aED _c27.01.2017 _lф / _kЛюдмила_Стоянова |
||
| 999 |
_c189682 _d189682 |
||